[Event "Mittelfr. Einzelmeisterschaft 2024 - NT"]
[Site "Nürnberg"]
[Date "2024.03.30"]
[Round "5.10"]
[White "Yanpala, Oguz Faruk"]
[Black "Vilinski, Jan"]
[Result "1-0"]
[WhiteElo "1187"]
[BlackElo "1058"]
[PlyCount "23"]
[EventDate "2024.??.??"]
[WhiteTeam "SC JÄKLECHEMIE Talente Franken e"]
[BlackTeam "SC JÄKLECHEMIE Talente Franken e"]

1. e4 e5 2. Nf3 Nc6 3. Bc4 Bc5 4. c3 Nf6 5. d4 exd4 6. O-O dxc3 7. e5 Ne4 8.
Qd5 Qe7 9. Qxe4 O-O 10. Nxc3 h6 11. Bxh6 d6 12. Qg6 1-0

[Event "Mittelfr. Einzelmeisterschaft 2024 - NT"]
[Site "Nürnberg"]
[Date "2024.03.31"]
[Round "6.1"]
[White "Fridlin, Daniel"]
[Black "Assem Gawdat Azmy, Mostafa"]
[Result "0-1"]
[WhiteElo "1731"]
[BlackElo "1825"]
[PlyCount "74"]
[EventDate "2024.??.??"]
[WhiteTeam "SC Noris-Tarrasch Nürnberg 1873"]
[BlackTeam "SC Erlangen 48/88"]

1. e4 c5 2. Nf3 d6 3. d4 cxd4 4. Nxd4 Nf6 5. Nc3 a6 6. Be3 e5 7. Nb3 Be6 8. f3
Be7 9. Qd2 Nbd7 10. O-O-O b5 11. g4 Nb6 12. g5 Nh5 13. Nd5 Nxd5 14. exd5 Bf5
15. Na5 O-O 16. Nc6 Qe8 17. f4 f6 18. Qe2 g6 19. h4 Ng3 20. Qh2 Nxh1 21. Qxh1
Bd7 22. Nxe7+ Qxe7 23. fxe5 fxe5 24. Bd3 Bg4 25. Rg1 Bf3 26. Qh2 Bxd5 27. h5
Qg7 28. Qh4 Rac8 29. Kb1 Rf3 30. Bd2 Rcf8 31. b3 Qa7 32. Rd1 Qg7 33. hxg6 hxg6
34. Qb4 Rd8 35. Qh4 Qh7 36. Qg4 Qh5 37. Qb4 Rxd3 0-1

[Event "Mittelfr. Einzelmeisterschaft 2024 - NT"]
[Site "Nürnberg"]
[Date "2024.03.31"]
[Round "6.2"]
[White "Engel, David"]
[Black "Gottlieb, Michael"]
[Result "1-0"]
[WhiteElo "1721"]
[BlackElo "1782"]
[PlyCount "59"]
[EventDate "2024.??.??"]
[WhiteTeam "Spvg Zabo-Eintracht Nürnberg e.V"]
[BlackTeam "SV Postbauer e.V."]

1. e4 e5 2. Nf3 Nc6 3. Bc4 Nf6 4. Ng5 d5 5. exd5 b5 6. dxc6 bxc4 7. Qe2 Qd5 8.
O-O Bd6 9. Nf3 Bg4 10. Re1 O-O 11. Nc3 Qxc6 12. Ne4 Nd5 13. Nxe5 Bxe5 14. Qxg4
f5 15. Qh3 fxe4 16. Rxe4 Nf4 17. Qe3 Rae8 18. f3 Qg6 19. g3 Bd6 20. d3 Nd5 21.
Qf2 cxd3 22. cxd3 Nf4 23. Bxf4 Rxe4 24. Bxd6 Ref4 25. Bxf8 Rxf8 26. Rd1 Qc6 27.
Kg2 g5 28. Qe3 Rxf3 29. Qxf3 Qc2+ 30. Kh1 1-0

[Event "Mittelfr. Einzelmeisterschaft 2024 - NT"]
[Site "Nürnberg"]
[Date "2024.03.31"]
[Round "6.3"]
[White "Oechslen, Manuel"]
[Black "Lang, Franz"]
[Result "1-0"]
[WhiteElo "1605"]
[BlackElo "1457"]
[PlyCount "39"]
[EventDate "2024.??.??"]
[WhiteTeam "SK Leutershausen"]
[BlackTeam "SC Uttenreuth e.V."]

1. d4 d5 2. c4 e6 3. Nf3 Nf6 4. g3 c6 5. Bg2 Be7 6. Nc3 O-O 7. O-O Nbd7 8. b3
Bb4 9. Bb2 Qe7 10. Qc2 a6 11. a3 Ba5 12. Rfe1 Ne4 13. b4 Nxc3 14. Qxc3 Bc7 15.
e4 dxe4 16. Rxe4 Nf6 17. d5 Qd6 18. dxc6 e5 19. Rxe5 Qxc6 20. Rc5 1-0

[Event "Mittelfr. Einzelmeisterschaft 2024 - NT"]
[Site "Nürnberg"]
[Date "2024.03.31"]
[Round "6.4"]
[White "Luther, Helmut"]
[Black "Süß, Helmut"]
[Result "1/2-1/2"]
[WhiteElo "2007"]
[BlackElo "1869"]
[PlyCount "20"]
[EventDate "2024.??.??"]
[WhiteTeam "SC Schwarz-Weiß Nürnberg Süd e.V"]
[BlackTeam "SC Noris-Tarrasch Nürnberg 1873"]

1. d4 g6 2. e4 Bg7 3. c3 d5 4. e5 c6 5. Be3 Bf5 6. Ne2 Qb6 7. Qd2 h5 8. Ng3 Be6
9. Bd3 Nh6 10. f4 h4 1/2-1/2

[Event "Mittelfr. Einzelmeisterschaft 2024 - NT"]
[Site "Nürnberg"]
[Date "2024.03.31"]
[Round "6.5"]
[White "Dakic, Milan"]
[Black "Barnowski, Roman"]
[Result "1/2-1/2"]
[WhiteElo "1874"]
[BlackElo "1770"]
[PlyCount "100"]
[EventDate "2024.??.??"]
[WhiteTeam "SC Schwarz-Weiß Nürnberg Süd e.V"]
[BlackTeam "SC Schwarz-Weiß Nürnberg Süd e.V"]

1. e4 c6 2. d4 d5 3. Nd2 dxe4 4. Nxe4 Bf5 5. Ng3 Bg6 6. Nf3 Nd7 7. Nh4 e6 8.
Nxg6 hxg6 9. Bd3 Ngf6 10. a3 c5 11. Be3 Nd5 12. c4 Nxe3 13. fxe3 Bd6 14. Qf3
Bxg3+ 15. Qxg3 Qh4 16. Qxh4 Rxh4 17. g3 Rh6 18. Kf2 Rd8 19. Be4 cxd4 20. exd4
b6 21. b4 Ke7 22. Ke3 f5 23. Bf3 g5 24. Rac1 g4 25. Bb7 Rdh8 26. Rc2 g5 27. c5
Nf6 28. c6 Nd5+ 29. Kd3 Nc7 30. a4 f4 31. gxf4 gxf4 32. Ke4 Rf6 33. Rg1 Rg8 34.
h3 g3 35. Kf3 Kd6 36. Re2 Rh8 37. Rh1 Nd5 38. b5 Ne3 39. Ree1 Kc7 40. h4 Rfh6
41. Kxf4 Ng2+ 42. Kxg3 Rg6+ 43. Kf3 Rf8+ 44. Ke4 Nxe1 45. Rxe1 Rg4+ 46. Kd3 Re8
47. Rh1 Rd8 48. Rf1 Rdxd4+ 49. Kc3 Rgf4 50. Rg1 Rg4 1/2-1/2

[Event "Mittelfr. Einzelmeisterschaft 2024 - NT"]
[Site "Nürnberg"]
[Date "2024.03.31"]
[Round "6.6"]
[White "Weißmann, Peter"]
[Black "Oram, Thomas"]
[Result "1/2-1/2"]
[WhiteElo "1824"]
[BlackElo "1702"]
[PlyCount "134"]
[EventDate "2024.??.??"]
[WhiteTeam "SGem 1882 Fürth"]
[BlackTeam "Spvg Zabo-Eintracht Nürnberg e.V"]

1. e4 c5 2. Nc3 d6 3. g3 e6 4. Bg2 Nf6 5. d3 Be7 6. f4 Nc6 7. Nf3 a6 8. a4 Qc7
9. O-O O-O 10. h3 b6 11. g4 Bb7 12. Qe2 d5 13. e5 Nd7 14. Bd2 Nb4 15. Rac1 Bc6
16. b3 b5 17. axb5 axb5 18. Nd1 Na2 19. Rb1 d4 20. c3 dxc3 21. Nxc3 Nxc3 22.
Bxc3 Nb6 23. f5 Nd5 24. Qb2 Ra2 25. Qxa2 Nxc3 26. Qb2 Nxb1 27. Rxb1 Rd8 28. f6
Bf8 29. Qe2 gxf6 30. exf6 Qg3 31. Qe3 Bxf3 32. Qxf3 Qxf3 33. Bxf3 Rxd3 34. Kf2
Rd2+ 35. Kg3 Bd6+ 36. Kh4 Be5 37. g5 h6 38. Kh5 hxg5 39. Kxg5 Bxf6+ 40. Kxf6
Rf2 41. Rg1+ Kf8 42. Rg3 c4 43. bxc4 bxc4 44. Ke5 c3 45. Be4 c2 46. Rc3 Re2 47.
Rxc2 Rxc2 48. Bxc2 Ke7 49. Kf4 Kf6 50. h4 Kg7 51. Ke5 Kh6 52. Bd1 Kg6 53. Be2
Kg7 54. Bb5 Kg6 55. Be2 Kg7 56. Bh5 f6+ 57. Kxe6 Kh6 58. Be8 Kg7 59. h5 f5 60.
Kxf5 Kh6 61. Kf6 Kh7 62. Kf7 Kh8 63. Kf8 Kh7 64. Kf7 Kh8 65. Kg6 Kg8 66. Kh6
Kh8 67. Bg6 Kg8 1/2-1/2

[Event "Mittelfr. Einzelmeisterschaft 2024 - NT"]
[Site "Nürnberg"]
[Date "2024.03.31"]
[Round "6.7"]
[White "Waschner, Richard"]
[Black "Spear, Jonas"]
[Result "0-1"]
[WhiteElo "1907"]
[BlackElo "1371"]
[PlyCount "166"]
[EventDate "2024.??.??"]
[WhiteTeam "Spvg Zabo-Eintracht Nürnberg e.V"]
[BlackTeam "SC JÄKLECHEMIE Talente Franken e"]

1. d4 Nf6 2. Nc3 e6 3. e4 d5 4. e5 Nfd7 5. f4 Bb4 6. Qg4 g6 7. Nf3 c5 8. Be3
Nc6 9. Be2 Qa5 10. Kd2 Nb6 11. a4 Nxa4 12. Ke1 Bxc3+ 13. bxc3 Qxc3+ 14. Kf2
cxd4 15. Bd2 Qc5 16. Rxa4 d3+ 17. Nd4 dxe2 18. Be3 Nxd4 19. c3 Qxc3 20. Rxd4 a5
21. Qxe2 Bd7 22. Rd3 Qb4 23. Qc2 Rc8 24. Qa2 Ba4 25. Rd2 O-O 26. Rb1 Qc4 27.
Rxb7 Qxa2 28. Rxa2 Rc2+ 29. Rxc2 Bxc2 30. Ra7 a4 31. Bc5 Rc8 32. Be7 Kg7 33.
Bf6+ Kf8 34. Ke3 Rb8 35. Kd2 Bb3 36. Kc3 h5 37. h4 Rc8+ 38. Kd4 Bc2 39. Ke3 Rb8
40. Kd2 Bb3 41. Kc3 Ke8 42. Re7+ Kd8 43. Rxe6+ Kc8 44. Re8+ Kb7 45. Re7+ Ka8
46. Kb2 Rb7 47. Kc3 a3 48. Rxb7 a2 49. Kxb3 a1=Q 50. Rxf7 Qd1+ 51. Kb4 Qd4+ 52.
Kb5 Qc4+ 53. Kb6 Qb4+ 54. Kc6 Qc3+ 55. Kb6 Qb2+ 56. Kc6 Qxg2 57. e6 d4+ 58. Kc5
d3 59. e7 Qc2+ 60. Kd4 Qb2+ 61. Kxd3 Qb3+ 62. Kd4 Qxf7 63. Ke5 Kb7 64. Kd6 Qe8
65. Bg5 Qc6+ 66. Ke5 Kc7 67. Kd4 Kd6 68. Kd3 Ke6 69. Kd4 Qb5 70. Kc3 Qa4 71.
Kd3 Kf7 72. Kc3 Qe4 73. Kd2 Qf3 74. Kc2 Qe3 75. Kd1 Qf2 76. Kc1 Qe2 77. Kb1 Qd2
78. Ka1 Qc2 79. Bf6 Qc1+ 80. Ka2 Qxf4 81. Bg5 Qb4 82. Bf6 Qa5+ 83. Kb3 Qb6+ 0-1

[Event "Mittelfr. Einzelmeisterschaft 2024 - NT"]
[Site "Nürnberg"]
[Date "2024.03.31"]
[Round "6.8"]
[White "Hahn, Thomas"]
[Black "Müller, Gerhard"]
[Result "1-0"]
[WhiteElo "1855"]
[BlackElo "1834"]
[PlyCount "73"]
[EventDate "2024.??.??"]
[WhiteTeam "Spvg Zabo-Eintracht Nürnberg e.V"]
[BlackTeam "SC Schwarz-Weiß Nürnberg Süd e.V"]

1. e4 d6 2. d4 g6 3. f4 Bg7 4. Nf3 Bg4 5. c3 e6 6. Bd3 Nf6 7. O-O Nc6 8. h3
Bxf3 9. Qxf3 Ne7 10. f5 exf5 11. exf5 c6 12. Bg5 Nfd5 13. f6 Nxf6 14. Bxf6 Bxf6
15. Qxf6 O-O 16. Nd2 Qc7 17. Rf2 Nd5 18. Qg5 Rae8 19. Ne4 f5 20. Ng3 Qg7 21.
Bc4 h6 22. Bxd5+ cxd5 23. Qd2 Kh7 24. Re1 Rc8 25. Rfe2 Rf7 26. Re6 Rd8 27. Qe2
f4 28. Nf1 Rdd7 29. Qf3 Rf5 30. Nd2 Qf8 31. Qd3 a6 32. Nf3 Qd8 33. Re8 Qf6 34.
R1e6 Qg7 35. Qe2 g5 36. Qd3 Qf7 37. Qe2 1-0

[Event "Mittelfr. Einzelmeisterschaft 2024 - NT"]
[Site "Nürnberg"]
[Date "2024.03.31"]
[Round "6.9"]
[White "Yanpala, Oguz Faruk"]
[Black "Averin, Alex"]
[Result "1/2-1/2"]
[WhiteElo "1187"]
[BlackElo "1524"]
[PlyCount "125"]
[EventDate "2024.??.??"]
[WhiteTeam "SC JÄKLECHEMIE Talente Franken e"]
[BlackTeam "SC Schwarz-Weiß Nürnberg Süd e.V"]

1. e4 c5 2. Nf3 e6 3. d4 cxd4 4. Nxd4 Nf6 5. Bd3 Nc6 6. Nxc6 bxc6 7. Bg5 Be7 8.
O-O O-O 9. Nd2 a5 10. c3 Ba6 11. Qc2 Bxd3 12. Qxd3 Ng4 13. Bxe7 Qxe7 14. h3 Nf6
15. Nc4 d5 16. exd5 cxd5 17. Ne5 Qd6 18. Nf3 Rab8 19. Rab1 Rb7 20. Rfe1 Rd8 21.
Qd4 Qb6 22. Qxb6 Rxb6 23. Re2 Ne4 24. Rd1 Rdb8 25. Ne5 Rxb2 26. Rxe4 dxe4 27.
Nc6 Rb1 28. Rxb1 Rxb1+ 29. Kh2 Rb2 30. Nxa5 Rxa2 31. Nb3 Rc2 32. Nc5 Rxc3 33.
Nxe4 Rc2 34. Kg3 Re2 35. Kf3 Rc2 36. Ke3 Kf8 37. Kd3 Rc1 38. Ng5 h6 39. Ne4 Ke7
40. Ke3 e5 41. Kf3 Rc4 42. g4 Ke6 43. Ke3 Rb4 44. Nc5+ Kd5 45. Nd3 Rb3 46. Ke2
Rxd3 47. Kxd3 e4+ 48. Ke3 Ke5 49. f4+ exf3 50. Kxf3 f5 51. gxf5 Kxf5 52. Kg3 g5
53. Kf3 h5 54. Kg3 Ke4 55. Kf2 Kf4 56. Kg2 g4 57. hxg4 hxg4 58. Kf2 g3+ 59. Kg1
Kg5 60. Kg2 Kg4 61. Kg1 Kf4 62. Kg2 Kg4 63. Kg1 1/2-1/2

[Event "Mittelfr. Einzelmeisterschaft 2024 - NT"]
[Site "Nürnberg"]
[Date "2024.03.31"]
[Round "6.10"]
[White "Vilinski, Jan"]
[Black "Majid, Hakim"]
[Result "1-0"]
[WhiteElo "1058"]
[BlackElo "1647"]
[PlyCount "89"]
[EventDate "2024.??.??"]
[WhiteTeam "SC JÄKLECHEMIE Talente Franken e"]
[BlackTeam "SC Schwarz-Weiß Nürnberg Süd e.V"]

1. e4 Nc6 2. Nf3 e5 3. Bc4 Be7 4. d3 Nf6 5. Nc3 O-O 6. Be3 d6 7. Qd2 Bg4 8. h3
Bd7 9. g4 Be6 10. Bb3 a5 11. Bxe6 fxe6 12. Rg1 d5 13. Bg5 dxe4 14. dxe4 Nd4 15.
Nxd4 exd4 16. Bxf6 Bxf6 17. Ne2 c5 18. g5 Be5 19. O-O-O Qb6 20. c3 dxc3 21.
Nxc3 Rad8 22. Qe2 Bd4 23. Rgf1 e5 24. Rd2 Qg6 25. h4 Qe6 26. f3 Qh3 27. Rdd1
Qxh4 28. Qg2 Be3+ 29. Kc2 Rxd1 30. Rxd1 Bxg5 31. Nd5 h6 32. Rh1 Qxh1 33. Qxh1
b5 34. Qh3 Kh8 35. Nc7 b4 36. Ne6 Kg8 37. Nxf8 Kxf8 38. Qf5+ Bf6 39. Qc8+ Kf7
40. Qxc5 Be7 41. Qxe5 g5 42. Qxa5 h5 43. f4 h4 44. fxg5 h3 45. Qf5+ 1-0

[Event "Mittelfr. Einzelmeisterschaft 2024 - NT"]
[Site "Nürnberg"]
[Date "2024.03.31"]
[Round "7.1"]
[White "Engel, David"]
[Black "Luther, Helmut"]
[Result "1/2-1/2"]
[WhiteElo "1721"]
[BlackElo "2007"]
[PlyCount "56"]
[EventDate "2024.??.??"]
[WhiteTeam "Spvg Zabo-Eintracht Nürnberg e.V"]
[BlackTeam "SC Schwarz-Weiß Nürnberg Süd e.V"]

1. e4 d5 2. exd5 Qxd5 3. Nc3 Qa5 4. d4 Nf6 5. Bd2 c6 6. Nf3 Bf5 7. Bc4 e6 8.
O-O Qc7 9. h3 Be7 10. Nh4 Bg6 11. Nxg6 hxg6 12. Re1 Nbd7 13. Qe2 Nb6 14. Bb3
O-O-O 15. Qe3 Rh4 16. Ne2 Rdh8 17. Ng3 Bd6 18. c3 Bf4 19. Qd3 g5 20. Bxf4 Qxf4
21. Qe3 Qxe3 22. Rxe3 g4 23. hxg4 Rxg4 24. Rae1 Rgh4 25. f3 Nbd5 26. R3e2 Nf4
27. Rd2 R8h6 28. Bc2 Rh8 1/2-1/2

[Event "Mittelfr. Einzelmeisterschaft 2024 - NT"]
[Site "Nürnberg"]
[Date "2024.03.31"]
[Round "7.2"]
[White "Gottlieb, Michael"]
[Black "Oechslen, Manuel"]
[Result "1-0"]
[WhiteElo "1782"]
[BlackElo "1605"]
[PlyCount "36"]
[EventDate "2024.??.??"]
[WhiteTeam "SV Postbauer e.V."]
[BlackTeam "SK Leutershausen"]

1. d4 Nf6 2. Nc3 d5 3. Bf4 a6 4. e3 Bf5 5. Nf3 h6 6. Ne5 e6 7. g4 Bh7 8. h4 Bb4
9. Bd3 Nbd7 10. g5 Bxd3 11. gxf6 g5 12. hxg5 Nxe5 13. dxe5 d4 14. cxd3 dxc3 15.
Qa4+ Kf8 16. Qxb4+ Kg8 17. Qxc3 Qd5 18. e4 Qxe5 1-0

[Event "Mittelfr. Einzelmeisterschaft 2024 - NT"]
[Site "Nürnberg"]
[Date "2024.03.31"]
[Round "7.3"]
[White "Spear, Jonas"]
[Black "Fridlin, Daniel"]
[Result "0-1"]
[WhiteElo "1371"]
[BlackElo "1731"]
[PlyCount "86"]
[EventDate "2024.??.??"]
[WhiteTeam "SC JÄKLECHEMIE Talente Franken e"]
[BlackTeam "SC Noris-Tarrasch Nürnberg 1873"]

1. e4 c5 2. Nf3 d6 3. d4 cxd4 4. Nxd4 a6 5. Bc4 Nf6 6. Nc3 e6 7. a4 Be7 8. f3
Nc6 9. Be3 Qc7 10. Qd2 Bd7 11. O-O O-O 12. Rad1 Rab8 13. Bf2 Rfc8 14. Bg3 Nxd4
15. Qxd4 Qxc4 16. Qxc4 Rxc4 17. Bxd6 Bxd6 18. Rxd6 Bxa4 19. Rfd1 g6 20. Nxa4
Rxa4 21. e5 Nd5 22. b3 Rb4 23. c4 Ne3 24. R1d3 Nf5 25. Rd7 h5 26. g4 hxg4 27.
fxg4 Nh6 28. h3 Rb6 29. Kg2 Rc6 30. Kg3 b5 31. Kh4 bxc4 32. bxc4 Rxc4 33. Kg5
Kg7 34. Ra3 Rb5 35. Rxa6 Rxe5+ 36. Kh4 Nf5+ 37. Kg5 Ng3+ 38. Kh4 Nf5+ 39. Kg5
Nh6+ 40. Kh4 Kf6 41. Rad6 Re3 42. Rd4 g5+ 43. Kh5 Rxh3# 0-1

[Event "Mittelfr. Einzelmeisterschaft 2024 - NT"]
[Site "Nürnberg"]
[Date "2024.03.31"]
[Round "7.4"]
[White "Lang, Franz"]
[Black "Dakic, Milan"]
[Result "0-1"]
[WhiteElo "1457"]
[BlackElo "1874"]
[PlyCount "46"]
[EventDate "2024.??.??"]
[WhiteTeam "SC Uttenreuth e.V."]
[BlackTeam "SC Schwarz-Weiß Nürnberg Süd e.V"]

1. e4 c5 2. d4 cxd4 3. c3 dxc3 4. Nxc3 Nc6 5. Bc4 e6 6. Nf3 Qc7 7. O-O a6 8.
Be3 Nf6 9. Rc1 b5 10. Bb3 Qb8 11. Nd4 Bb7 12. Qe2 Be7 13. Rfd1 Nxd4 14. Bxd4 e5
15. Be3 O-O 16. Bg5 d6 17. f4 exf4 18. Bxf4 Re8 19. e5 dxe5 20. Bg5 h6 21. Bxf6
Bxf6 22. Rd7 Qa7+ 23. Kf1 Bxg2+ 0-1

[Event "Mittelfr. Einzelmeisterschaft 2024 - NT"]
[Site "Nürnberg"]
[Date "2024.03.31"]
[Round "7.5"]
[White "Süß, Helmut"]
[Black "Oram, Thomas"]
[Result "1-0"]
[WhiteElo "1869"]
[BlackElo "1702"]
[PlyCount "115"]
[EventDate "2024.??.??"]
[WhiteTeam "SC Noris-Tarrasch Nürnberg 1873"]
[BlackTeam "Spvg Zabo-Eintracht Nürnberg e.V"]

1. d4 g6 2. c4 Bg7 3. Nc3 Nf6 4. Bf4 O-O 5. e4 d6 6. Nf3 Nbd7 7. Be2 c5 8. d5
Nh5 9. Bg5 h6 10. Be3 Kh7 11. Qc2 b6 12. h3 Bb7 13. g4 Nhf6 14. g5 Ng8 15. gxh6
Nxh6 16. Ng5+ Kh8 17. h4 Nf6 18. h5 gxh5 19. Bxh5 Nh7 20. Nxh7 Kxh7 21. Bg4 Rh8
22. O-O-O Kg8 23. Bf3 e5 24. dxe6 fxe6 25. Nb5 Nf7 26. Rxh8+ Kxh8 27. Bh5 Qh4
28. Bxf7 Bxe4 29. Qe2 Qf6 30. Qh5+ Bh7 31. Nc3 Rf8 32. Rh1 Qf5 33. Bg6 Qxh5 34.
Rxh5 Bxc3 35. bxc3 Kg7 36. Bxh7 Rh8 37. Bg6 Rg8 38. Be4 Kf6 39. Rh7 Rg4 40. Bd3
a5 41. Rb7 Rg1+ 42. Kb2 Rd1 43. Bc2 Re1 44. Rxb6 Ke5 45. Ra6 Re2 46. Rxa5 Kf6
47. Rb5 Re1 48. a4 Rh1 49. a5 Rh8 50. Be4 Rc8 51. a6 Ke5 52. Bb7 Rf8 53. a7 d5
54. Rxc5 Ke4 55. cxd5 exd5 56. Bxd5+ Kd3 57. a8=Q Rf3 58. Bc4# 1-0

[Event "Mittelfr. Einzelmeisterschaft 2024 - NT"]
[Site "Nürnberg"]
[Date "2024.03.31"]
[Round "7.7"]
[White "Vilinski, Jan"]
[Black "Hahn, Thomas"]
[Result "0-1"]
[WhiteElo "1058"]
[BlackElo "1855"]
[PlyCount "70"]
[EventDate "2024.??.??"]
[WhiteTeam "SC JÄKLECHEMIE Talente Franken e"]
[BlackTeam "Spvg Zabo-Eintracht Nürnberg e.V"]

1. e4 c5 2. Nf3 d6 3. d4 cxd4 4. Nxd4 Nf6 5. Nc3 g6 6. f3 Bg7 7. Be3 Nc6 8. Qd2
Bd7 9. Bc4 Rc8 10. Bb3 a6 11. h4 h5 12. a4 Na5 13. Qf2 Nxb3 14. Nxb3 Rxc3 15.
bxc3 Qc7 16. Bd2 O-O 17. O-O Rc8 18. Qe3 Be6 19. Nd4 Bc4 20. Rfe1 Nd7 21. Rab1
Bf6 22. Qf2 e5 23. Nb3 Qd8 24. g3 Be7 25. Be3 f5 26. Nd2 f4 27. Bb6 Nxb6 28.
Qxb6 fxg3 29. Qxb7 d5 30. Nxc4 Rxc4 31. Qxd5+ Qxd5 32. exd5 Rxc3 33. Rxe5 Bc5+
34. Kh1 Rxc2 35. Rg5 Rh2# 0-1

[Event "Mittelfr. Einzelmeisterschaft 2024 - NT"]
[Site "Nürnberg"]
[Date "2024.03.31"]
[Round "7.8"]
[White "Averin, Alex"]
[Black "Waschner, Richard"]
[Result "0-1"]
[WhiteElo "1524"]
[BlackElo "1907"]
[PlyCount "62"]
[EventDate "2024.??.??"]
[WhiteTeam "SC Schwarz-Weiß Nürnberg Süd e.V"]
[BlackTeam "Spvg Zabo-Eintracht Nürnberg e.V"]

1. e4 c6 2. d4 d5 3. f3 e6 4. Nc3 c5 5. Be3 cxd4 6. Bxd4 Nc6 7. Be3 d4 8. Na4
Qa5+ 9. Qd2 Qxa4 10. Bg5 f6 11. Bf4 e5 12. Bg3 Be6 13. b3 Qb4 14. Qxb4 Bxb4+
15. Kf2 Nge7 16. Bb5 a6 17. Bd3 Bc3 18. Rc1 Nb4 19. a4 Nxd3+ 20. cxd3 Bxb3 21.
Rb1 Bxa4 22. Rxb7 Kf7 23. Ne2 Rhb8 24. Rhb1 Rxb7 25. Rxb7 Bc6 26. Rb3 Ba5 27.
f4 Ke6 28. f5+ Nxf5 29. exf5+ Kxf5 30. Ra3 Bb4 31. Rb3 a5 0-1

[Event "Mittelfr. Einzelmeisterschaft 2024 - NT"]
[Site "Nürnberg"]
[Date "2024.03.31"]
[Round "7.9"]
[White "Müller, Gerhard"]
[Black "Yanpala, Oguz Faruk"]
[Result "1-0"]
[WhiteElo "1834"]
[BlackElo "1187"]
[PlyCount "62"]
[EventDate "2024.??.??"]
[WhiteTeam "SC Schwarz-Weiß Nürnberg Süd e.V"]
[BlackTeam "SC JÄKLECHEMIE Talente Franken e"]

1. d4 d5 2. Bf4 Nf6 3. e3 Bf5 4. Bd3 Bxd3 5. Qxd3 a6 6. Nf3 Nc6 7. Nbd2 g6 8.
Ne5 Nxe5 9. Bxe5 Bg7 10. Nf3 O-O 11. h3 e6 12. g4 Ne4 13. h4 Bxe5 14. dxe5 f6
15. Rh2 fxe5 16. Nxe5 Qf6 17. f4 c5 18. O-O-O Qe7 19. g5 c4 20. Qe2 c3 21. Rd3
Qb4 22. b3 Qa3+ 23. Kd1 Qxa2 24. Ke1 Nc5 25. Rd1 b5 26. h5 Ra7 27. hxg6 hxg6
28. Nxg6 Rfa8 29. Qh5 Kf7 30. Qh7+ Ke8 31. Qh8+ Kf7 1-0